| 000 | 01372cam a2200433 a 4500 | ||
|---|---|---|---|
| 001 | 6935552 | ||
| 003 | OSt | ||
| 005 | 20160525104934.0 | ||
| 008 | 081114t20061985bcc b 000 0 eng d | ||
| 016 | _a20069012008 | ||
| 020 | _a1573830666 (pbk.) | ||
| 020 | _a9781573830669 (pbk.) | ||
| 029 | 0 |
_aNLC _b20069012008 |
|
| 035 | _a(OCoLC)ocm64503472 | ||
| 035 | _a(NNC)6935552 | ||
| 035 | _a(OCoLC)64503472 | ||
| 040 |
_aNLC _cNLC |
||
| 055 | 0 | 1 | _aBT732 |
| 055 | 0 |
_aBT 732 _bF43 2006 |
|
| 055 | 0 | 0 |
_aBT 732 _bF43 2006 |
| 082 | 0 |
_a261.8/321 _222 |
|
| 100 | 1 |
_aFee, Gordon D. _98216 |
|
| 245 | 1 | 4 |
_aThe disease of the health & wealth gospels / _cGordon D. Fee. |
| 246 | 3 | _aThe disease of the health and wealth gospels | |
| 260 |
_aVancouver : _bRegent College Pub., _cc2006. |
||
| 300 |
_a45 p. ; _c22 cm. |
||
| 500 | _aFirst ed. published 1985 by Frontline Pub. | ||
| 500 | _aCover title: The disease of the health and wealth gospels. | ||
| 504 | _aIncludes bibliographical references. | ||
| 630 | 0 | 0 |
_aBible _vCommentaries. _94864 |
| 630 | 0 | 6 |
_aBible _vCommentaires. _98217 |
| 650 | 0 |
_aHealth _xBiblical teaching. _98218 |
|
| 650 | 0 |
_aWealth _xBiblical teaching. _98069 |
|
| 650 | 6 |
_aSanté _xEnseignement biblique. _98219 |
|
| 650 | 6 |
_aRichesse _xEnseignement biblique. _98220 |
|
| 942 |
_2lcc _cBK |
||
| 948 | 1 |
_a20081203 _bc _cdc21 _dMPS |
|
| 999 |
_c39267 _d39267 |
||